| 000 | 00407nam a22001457a 4500 | ||
|---|---|---|---|
| 020 | _a0072499861 | ||
| 082 |
_222 _a808.042 |
||
| 100 | _aSilverman, Joy...[ et al]. | ||
| 245 | _aRules of thumb ; a guide for writers / | ||
| 250 | _a5th | ||
| 260 |
_bMc Graw- Hill Higher Education, _cc 2002. |
||
| 300 |
_axi, 180p, ; _bNA _c24 cm. |
||
| 700 | _aHigher, elaines Wienbroes, Diana Roberts. | ||
| 942 |
_2ddc _cENG |
||
| 999 |
_c4028 _d4028 |
||